The High court[civil procedure rules]2007 (Record no. 43122)
[ view plain ]
| 000 -LEADER | |
|---|---|
| fixed length control field | 00325nam a2200133Ia 4500 |
| 050 ## - CALL MARK | |
| Classification number | KP 144 .N5/ |
| 100 ## - STATEMENT OF RESPONSIBILITY--MAIN AUTHOR NAME | |
| Personal name | Kaduna state of Nigeria |
| 245 #4 - TITLE STATEMENT | |
| Title | The High court[civil procedure rules]2007 |
| 260 ## - PUBLICATION, DISTRIBUTION, ETC. (IMPRINT) | |
| Year of publication | 2013 |
| 300 ## - PHYSICAL DESCRIPTION | |
| Number of Pages | 246 p |
| 942 ## - ADDED ENTRY ELEMENTS (KOHA) | |
| Koha item type | Books |
| Withdrawn status | Lost status | Source of classification or shelving scheme | Damaged status | Not for loan | Permanent Location | Current Location | Shelving location | Date acquired | Accession Number | Price effective from | Koha item type |
|---|---|---|---|---|---|---|---|---|---|---|---|
| Library of Congress Classification | NILE UNIVERSITY OF NIGERIA - MAIN LIBRARY | NILE UNIVERSITY OF NIGERIA - MAIN LIBRARY | Items on shelf | 06/03/2025 | 0184409 | 06/03/2025 | Books | ||||
| Library of Congress Classification | NILE UNIVERSITY OF NIGERIA - MAIN LIBRARY | NILE UNIVERSITY OF NIGERIA - MAIN LIBRARY | Items on shelf | 06/03/2025 | 0184410 | 06/03/2025 | Books |